000 00290nam a2200109 a 4500
001 000001949
005 20200929145753.0
008 090630s2004 000 spa d
245 0 _aEsculturas universales : obras maestras de los grandes artistas.
260 _aGuatemala.
999 _c1815
_d1815
040 _aDO-SdBNP